000
00275 a2200097 4500
020
_a
9789357327817
100
_a
V. S. Sanoj
245
_a
Oru desham pala bhookhandangal(ഒരു ദേശം പല ഭൂഖണ്ഡങ്ങൾ)
260
_b
D C books
_c
2024
942
_c
OO
999
_c
115346
_d
115345